Keď otec chýba dokáže žena sama vychovať dieťa?

Bibliographic Details
Main Author: Bothová, Monika (Author, Interviewer)
Format: Article
Language:Slovak
PhysicalDescription:Fotogr.
ISSN:1335-0919
Subjects:

MARC

LEADER 00000nab a2200000 a 4500
001 vtls008631107
003 SK-MaSNL
005 20260304142303.0
008 250505c2006 xo mr|p||| |000 b|slo
015 |a SNBRB2006/03 
035 |a (sysno)vtls008631107 
035 |a urn:nbn:sk:snk-ab6zpx 
035 |a (uuid)c8c5744d-e49e-4763-9ec1-10d641d5dea9 
035 |a (urnnbn)urn:nbn:sk:snk:ar-a06d73 
038 |a SPK 
040 |a SNKBUCL  |b slo  |c SNKBUCL  |e AACR2 
041 0 |a slo 
044 |a xo  |c SK 
080 |a 37.018.1  |2 1997 
080 |a 314.622.4  |2 1997 
100 1 |a Bothová, Monika  |4 ivr  |4 aut  |9 275663 
245 1 0 |a Keď otec chýba  |b dokáže žena sama vychovať dieťa?  |c Monika Bothová 
300 |b Fotogr. 
650 0 7 |a rodinná výchova  |2 spk  |9 66934 
650 0 7 |a neúplná rodina  |2 spk  |9 4141 
650 0 7 |a rodičovská rola  |2 spk  |9 1056186 
650 0 7 |a vzťah matka a dieťa  |2 spk  |9 71546 
650 0 7 |a vzťah otec-dieťa  |2 spk  |9 1093122 
773 0 |t Dieťa nielen pre rodičov  |g Roč. XII, č. 1 (2006), s. 31  |x 1335-0919 
850 |a Slovenská národná knižnica 
852 |a Slovenská národná knižnica 
856 4 1 |a www.dieta.sk 
954 |a odborná, vedecká literatúra pôvodná (slovenská)  |2 lita 
958 |a article27 
958 |a OND 
958 |a EUIPO 
999 |c 2920821  |d 2922751